Topics in Algebra (Record no. 61130)

MARC details
000 -LEADER
fixed length control field 00546nam a22002177a 4500
003 - CONTROL NUMBER IDENTIFIER
control field OSt
005 - DATE AND TIME OF LATEST TRANSACTION
control field 20250503133102.0
008 - FIXED-LENGTH DATA ELEMENTS--GENERAL INFORMATION
fixed length control field 250503b |||||||| |||| 00| 0 eng d
020 ## - INTERNATIONAL STANDARD BOOK NUMBER
International Standard Book Number 978-93-5464-168-8
040 ## - CATALOGING SOURCE
Transcribing agency Trident
082 ## - DEWEY DECIMAL CLASSIFICATION NUMBER
Classification number 512.0
Item number HER
100 ## - MAIN ENTRY--PERSONAL NAME
Personal name I.N. Herstein
9 (RLIN) 45399
245 ## - TITLE STATEMENT
Title Topics in Algebra
250 ## - EDITION STATEMENT
Edition statement 2nd
260 ## - PUBLICATION, DISTRIBUTION, ETC.
Place of publication, distribution, etc. New Delhi
Name of publisher, distributor, etc. Wiley
Date of publication, distribution, etc. 2022
300 ## - PHYSICAL DESCRIPTION
Extent "XII,371p;"
500 ## - GENERAL NOTE
General note Quantity-1
650 ## - SUBJECT ADDED ENTRY--TOPICAL TERM
Topical term or geographic name entry element Mathematics
700 ## - ADDED ENTRY--PERSONAL NAME
Personal name Indian Adaptation by-Dr Prahlad Vaidyanathan
9 (RLIN) 45400
942 ## - ADDED ENTRY ELEMENTS (KOHA)
Source of classification or shelving scheme Dewey Decimal Classification
Koha item type Books
Suppress in OPAC No
Holdings
Withdrawn status Lost status Source of classification or shelving scheme Damaged status Not for loan Home library Current library Shelving location Date acquired Total Checkouts Full call number Barcode Date last seen Price effective from Koha item type Date due Date last checked out
    Dewey Decimal Classification     Central Library, Trident Academy of Technology Central Library, Trident Academy of Technology General Stacks 05/03/2025   512.0 HER 61581 05/03/2025 05/03/2025 Books    
    Dewey Decimal Classification     Central Library, Trident Academy of Technology Central Library, Trident Academy of Technology General Stacks 06/06/2025 1 512.0 HER 61606 08/13/2025 06/06/2025 Books 03/11/2026 08/13/2025
    Dewey Decimal Classification     Central Library, Trident Academy of Technology Central Library, Trident Academy of Technology   06/06/2025   512.0 HER 61607 06/06/2025 06/06/2025 Books    
    Dewey Decimal Classification     Central Library, Trident Academy of Technology Central Library, Trident Academy of Technology   06/06/2025   512.0 HER 61608 06/06/2025 06/06/2025 Books    
    Dewey Decimal Classification     Central Library, Trident Academy of Technology Central Library, Trident Academy of Technology   06/06/2025   512.0 HER 61609 06/06/2025 06/06/2025 Books    
Trident Academy of Technology © 2023.
All rights reserved.                                                                                                                                                                                                        Designed by Team of Central Library .

Powered by Koha